Derecho comercial y económico : Parte general /

Guardado en:
Autor Principal: Etcheverry, Raúl Aníbal
Formato: Libro
Idioma:Spanish
Publicado: Buenos Aires : Astrea, 2001
Edición:1º reimp.
Etiquetas: Agregar Etiqueta
Sin Etiquetas, Sea el primero en etiquetar este registro!
LEADER 00452nam a22001455a 4500
001 DER.der000322
005 20050805000000.0
008 180615s2001####||||||||||||||||||||spa||
020 |a 950-508-204-5 
100 1 |a Etcheverry, Raúl Aníbal 
245 1 0 |a Derecho comercial y económico :  |b Parte general /  |c Raúl Anibal Etcheverry 
250 |a 1º reimp. 
260 |a Buenos Aires :  |b Astrea,  |c 2001 
300 0 |a 589 p. 
859 |a DERECHO  |b BIB. DERECHO  |h 343.08  |i ETC  |p 001122